Účtovníctvo zbierka príkladov
Uložené v:
| Hlavný autor: | |
|---|---|
| Korporativný autor: | |
| Ďalší autori: | , |
| Médium: | Kniha |
| Jazyk: | Slovak |
| Vydavateľské údaje: |
Bratislava
Vysoká škola ekonomická
1981
|
| Tagy: |
Žiadne tagy, Buďte prvý, kto otaguje tento záznam!
|
MARC
| LEADER | 00000nam a2200000 4500 | ||
|---|---|---|---|
| 001 | c140279 | ||
| 005 | 20220520091924.7 | ||
| 041 | 0 | |a slo | |
| 044 | |a SK | ||
| 245 | 1 | 0 | |a Účtovníctvo |b zbierka príkladov |c Vladimír Králiček, Kornel Staríček, Ľubica Straková |
| 264 | 1 | |a Bratislava |b Vysoká škola ekonomická |c 1981 | |
| 300 | |a 226 s. | ||
| 100 | 1 | |a Králiček, Vladimír | |
| 700 | 1 | |a Staríček, Kornel | |
| 700 | 1 | |a Straková, Ľubica | |
| 710 | 2 | |a Vysoká škola ekonomická v Bratislave. Fakulta riadenia | |